Stumble Guys - jak dobrze znasz tą grę? - Statystyki

Ogólne statystyki
  • Ten quiz został rozwiązany 1 629 razy
  • Średni wynik to 11 z 18
Statystyki odpowiedzi
Pytania Odpowiedzi % Poprawnych
Ile warta jest najtańsza oferta za gemy? 5,99/6/5.99 zł/6 zł
88%
Ile jest darmowych zakręceń? (za reklamy + te bez reklam) 6/sześć
85%
Ile gwiazdek dostaje się po przegranej w pierwszej rundzie? 20/dwadzieścia
74%
Ile wart jest pakiet skinów za żetony? 35/trzydzieści pięć
73%
Ile gwiazdek dostaje się po zwycięstwie? 30/trzydzieści
72%
Ile stopni ma karnet bojowy w Stumble Guys? 30/trzydzieści
72%
Ile klas rzadkości skórek jest w Stumble Guys? 4/cztery
71%
Ile map jest w Stumble Guys? 12/dwanaście
68%
Ile gwiazdek dostaje się po przegranej w drugiej rundzie? 25/dwadzieścia pięć
68%
Ile gemów wart jest pakiet zwykłych skinów? 55/pięćdziesiąt
67%
Ile gemów wart jest pakiet rzadkich skinów? 90/dziewięćdziesiąt
64%
Jak nazywa się podstawowy skin w Stumble Guys? Mr. Stumble
60%
Ile wart jest karnet bojowy w Stumble Guys? (chodzi o wartość w gemach) 1200/1200 gemów
52%
Ile pobrań ma gra w Sklepie Play? 100/100 mln/100 milionów/100 mln+/100+ milionów+/100+ miliona+
51%
Gra została stworzona na podstawie jakiej innej gry? Fall Guys
50%
Jak nazywa się studio odpowiedzialne za stworzenie gry? Kitka Games
48%
Ile złotych wart jest najdroższy pakiet w grze? (chodzi o pakiet żetonów) 143,99 zł/144 zł
5%
Kiedy wyszła gra Stumble Guys? (dzień, miesiąc, rok) 24 września 2020
4%
Nie znaleziono quizów pasujących do podanych kryteriów
Rozkład punktacji
Procent ludzi z każdym wynikiem
Percentyl według liczby udzielonych odpowiedzi
Twoja historia wyników
Nie rozwiązałeś tego quizu